...

NIRU LIBRARY

Responding to conflict in Africa : (Record no. 342)

MARC details
000 -LEADER
fixed length control field 00893nam a22002777a 4500
003 - CONTROL NUMBER IDENTIFIER
control field OSt
005 - DATE AND TIME OF LATEST TRANSACTION
control field 20230629104635.0
008 - FIXED-LENGTH DATA ELEMENTS--GENERAL INFORMATION
fixed length control field 230629b |||||||| |||| 00| 0 eng d
020 ## - INTERNATIONAL STANDARD BOOK NUMBER
International Standard Book Number 9781137271990
040 ## - CATALOGING SOURCE
Transcribing agency NIRUC
050 ## - LIBRARY OF CONGRESS CALL NUMBER
Classification number JZ6374
Item number .R47
130 ## - MAIN ENTRY--UNIFORM TITLE
Uniform title Responding to conflict in Africa : the United Nations and regional organizations
245 ## - TITLE STATEMENT
Title Responding to conflict in Africa :
Remainder of title the United Nations and regional organizations /
Statement of responsibility, etc. Jane Boulden.
260 ## - PUBLICATION, DISTRIBUTION, ETC.
Place of publication, distribution, etc. New York, NY :
Name of publisher, distributor, etc. Palgrave Macmillan,
Date of publication, distribution, etc. 2013.
300 ## - PHYSICAL DESCRIPTION
Extent xi,326p. :
Other physical details ill. ;
Dimensions 23cm.
650 ## - SUBJECT ADDED ENTRY--TOPICAL TERM
Source of heading or term Africa
650 ## - SUBJECT ADDED ENTRY--TOPICAL TERM
Source of heading or term Regionalism (International organization)
650 ## - SUBJECT ADDED ENTRY--TOPICAL TERM
Source of heading or term Conflict management
650 ## - SUBJECT ADDED ENTRY--TOPICAL TERM
Source of heading or term Peacekeeping forces
650 ## - SUBJECT ADDED ENTRY--TOPICAL TERM
Source of heading or term United Nations
650 ## - SUBJECT ADDED ENTRY--TOPICAL TERM
Source of heading or term Crisis management
650 ## - SUBJECT ADDED ENTRY--TOPICAL TERM
Source of heading or term Political science
650 ## - SUBJECT ADDED ENTRY--TOPICAL TERM
Source of heading or term Politics and war
700 ## - ADDED ENTRY--PERSONAL NAME
Personal name Jane Boulden
Dates associated with a name Editor
942 ## - ADDED ENTRY ELEMENTS (KOHA)
Source of classification or shelving scheme Library of Congress Classification
Koha item type Books
Suppress in OPAC No
Holdings
Withdrawn status Lost status Source of classification or shelving scheme Damaged status Not for loan Collection Home library Current library Shelving location Date acquired Total checkouts Full call number Barcode Date last seen Date last checked out Price effective from Koha item type
    Library of Congress Classification     Non-fiction NIRU LIBRARY NIRU LIBRARY On display 06/29/2023 1 JZ6374. R47 2023-0821 04/05/2024 02/12/2024 06/29/2023 Books
    Library of Congress Classification     Non-fiction NIRU LIBRARY NIRU LIBRARY On display 06/29/2023   JZ6374. R47 2023-0822 06/29/2023   06/29/2023 Books
Copyright © 2025&6. National Intelligence and Research University. All Rights Reserved.